| 000 | 00406nam a22001337a 4500 | ||
|---|---|---|---|
| 008 | 150309b xxu||||| |||| 00| 0 eng d | ||
| 050 | _aDS108.5.S48 | ||
| 100 |
_aSenfter, Alfons _915958 |
||
| 245 |
_aYahweh's land _c/by Senfter, Alfons |
||
| 260 |
_aNew York _bHerder and Herder _c1969 |
||
| 300 |
_a116p. ; _c20cm. |
||
| 650 |
_aIsrael _xDescription and travel _xViews _915959 |
||
| 942 |
_2lcc _cMONOGRAPH |
||
| 999 |
_c122325 _d122325 |
||